The metaphysics of Iqbal. (Record no. 541927)
[ view plain ]
| 000 -LEADER | |
|---|---|
| fixed length control field | 00491cam a22001571 4500 |
| 082 ## - DEWEY DECIMAL CLASSIFICATION NUMBER | |
| Classification number | 110 |
| Author Mark | ENV |
| -- | ML-31,P.40 |
| 100 1# - MAIN ENTRY--PERSONAL NAME | |
| Personal name | Enver, Ishrat Hasan. |
| 9 (RLIN) | 37006 |
| 245 14 - TITLE STATEMENT | |
| Title | The metaphysics of Iqbal. |
| Statement of responsibility, etc. | With foreword by Syed Zafarul Hasan. |
| 260 ## - PUBLICATION, DISTRIBUTION, ETC. | |
| Place of publication, distribution, etc. | Lahore, |
| Name of publisher, distributor, etc. | Sh. M. Ashraf |
| Date of publication, distribution, etc. | [1963] |
| 300 ## - PHYSICAL DESCRIPTION | |
| Extent | xvi, 105 p. |
| Dimensions | 22 cm. |
| 500 ## - GENERAL NOTE | |
| General note | "Revised edition 1955, reprinted 1963." |
| 526 ## - STUDY PROGRAM INFORMATION NOTE | |
| Program name | 0 |
| Interest level | 0 |
| Reading level | 0 |
| Title point value | 110_000000000000000_ENV |
| 650 ## - SUBJECT ADDED ENTRY--TOPICAL TERM | |
| Topical term or geographic name entry element | MCE |
| 9 (RLIN) | 379 |
| 700 1# - ADDED ENTRY--PERSONAL NAME | |
| Personal name | Iqbal, Muhammad, |
| 9 (RLIN) | 9 |
| 942 ## - ADDED ENTRY ELEMENTS (KOHA) | |
| Source of classification or shelving scheme | |
| Koha item type | Book |
| Withdrawn status | Lost status | Source of classification or shelving scheme | Damaged status | Not for loan | Permanent Location | Current Location | Date acquired | Total Checkouts | Full call number | Barcode | Date last seen | Price effective from | Koha item type |
|---|---|---|---|---|---|---|---|---|---|---|---|---|---|
| Military College of Engineering (MCE) | Military College of Engineering (MCE) | 09/11/2013 | 110 ENV | MCE-2767 | 09/11/2013 | 09/11/2013 | Book |
